000 00424nam a2200169Ia 4500
008 230524s9999 xx 000 0 und d
020 _a9788126522187
082 _a621.39
_bSTE
100 _aJonathan Y. Stein
_942814
245 0 _aDigital Signal Processing
250 _a1
260 _aNew Delhi
_bWilly India
_c2009
300 _a"XIII,849p;"
500 _aQuantity Number: 1
650 _aElectronics
942 _cBK
999 _c57787
_d57787